UITU Library & LRC     

The Prophet of Islam: (Record no. 31512)

MARC details
000 -LEADER
fixed length control field 00361nam a2200133Ia 4500
008 - FIXED-LENGTH DATA ELEMENTS--GENERAL INFORMATION
fixed length control field 250701s9999 xx 000 0 und d
082 ## - DEWEY DECIMAL CLASSIFICATION NUMBER
Classification number 297.63 AZI
100 ## - MAIN ENTRY--PERSONAL NAME
Personal name Aziz, Qutbuddin
245 #4 - TITLE STATEMENT
Title The Prophet of Islam:
Remainder of title a blessing to mankind
260 ## - PUBLICATION, DISTRIBUTION, ETC.
Place of publication, distribution, etc. Riyadh:
Name of publisher, distributor, etc. World Assembly of Muslim Youth,
Date of publication, distribution, etc. 1991
300 ## - PHYSICAL DESCRIPTION
Extent xi, 96p.
600 ## - SUBJECT ADDED ENTRY--PERSONAL NAME
Personal name Biography
942 ## - ADDED ENTRY ELEMENTS (KOHA)
Koha item type Gifted & Donated Books
Holdings
Withdrawn status Lost status Damaged status Not for loan Home library Current library Shelving location Date acquired Source of acquisition Total checkouts Full call number Barcode Date last seen Price effective from Koha item type Public note
        UITU Library UITU Library Gifted Books 07/01/2025 Gifted by Anonymous   297.63 AZI G345 07/01/2025 07/01/2025 Gifted & Donated Books Gifted by Anonymous

Powered by Koha